00372 2200145 4500001002100000005001500021035002000036245006600056100002100122300001200143260003600155082000800191084001400199990001300213INLIS00000000000238020250528114608 a0010-05250006721 aBahasa Jerman Bagi Tingkat Lanjutan /cAmir S. Hidayati M.P.D0 aAmir S. Hidayati a244 hlm aBandung :bPustaka Setia,c2007 a430 a430 AMI b a07.12274